[Event "SB-2013-0-00310"]
[Site "LSS email"]
[Date "2013.06.03"]
[Round "?"]
[White "Varend, Erik"]
[Black "Eshuis, Johannes"]
[Result "0-1"]
[WhiteElo "1781"]
[BlackElo "1934"]
[PlyCount "20"]
[EventDate "2013.05.18"]
[EventType "tourn (corr)"]
[EventRounds "6"]
[EventCountry "GER"]
[SourceTitle "Corr 2015"]
[Source "ChessBase"]
[SourceDate "2015.07.17"]
[SourceVersion "1"]
[SourceVersionDate "2015.07.17"]
[SourceQuality "1"]

1. c4 Nf6 2. d4 c6 3. Nf3 d5 4. Nc3 dxc4 5. a4 Bf5 6. Ne5 Na6 7. e3 Nb4 8. Bxc4 e6 9. 0-0 Bd6 10. Qe2 h6 0-1

[Event "SB-2013-0-00310"]
[Site "LSS email"]
[Date "2013.06.02"]
[Round "?"]
[White "Varend, Erik"]
[Black "Andreoni, Mario"]
[Result "0-1"]
[WhiteElo "1781"]
[BlackElo "1628"]
[PlyCount "24"]
[EventDate "2013.05.18"]
[EventType "tourn (corr)"]
[EventRounds "6"]
[EventCountry "GER"]
[SourceTitle "Corr 2015"]
[Source "ChessBase"]
[SourceDate "2015.07.17"]
[SourceVersion "1"]
[SourceVersionDate "2015.07.17"]
[SourceQuality "1"]

1. Nf3 c5 2. e4 d6 3. d4 cxd4 4. Nxd4 Nf6 5. Nc3 a6 6. Be3 e6 7. f3 Be7 8. Qd2 Nc6 9. g4 0-0 10. 0-0-0 Qc7 11. g5 Nd7 12. h4 b5 0-1

[Event "RB-2013-0-00208"]
[Site "LSS email"]
[Date "2013.02.20"]
[Round "?"]
[White "Husemann, Andreas"]
[Black "Varend, Erik"]
[Result "1-0"]
[WhiteElo "2091"]
[BlackElo "1771"]
[PlyCount "113"]
[EventDate "2013.02.09"]
[EventType "tourn (corr)"]
[EventRounds "6"]
[EventCountry "GER"]
[SourceTitle "Telechess CBM 159"]
[Source "ChessBase"]
[SourceDate "2014.03.17"]
[SourceVersion "1"]
[SourceVersionDate "2014.03.17"]
[SourceQuality "1"]

1. d4 Nf6 2. c4 e6 3. Nc3 Bb4 4. Qc2 0-0 5. a3 Bxc3+ 6. Qxc3 b6 7. Bg5 Bb7 8. f3 h6 9. Bh4 d5 10. e3 Nbd7 11. cxd5 Nxd5 12. Bxd8 Nxc3 13. Bh4 Nd5 14. Bf2 c5 15. e4 Ne7 16. Ne2 f5 17. exf5 Nxf5 18. dxc5 Nxc5 19. Nc3 Rad8 20. Rd1 Rxd1+ 21. Kxd1 Bd5 22. Nxd5 exd5 23. b4 Ne6 24. Kd2 Kf7 25. Ba6 Rd8 26. Rc1 Nd6 27. a4 Nc4+ 28. Kc3 Ne5 29. h4 g6 30. Re1 Nc6 31. Bb7 Ne7 32. a5 Rd7 33. a6 Nf5 34. Kb2 Rd6 35. g4 Ne7 36. Bg3 Rd8 37. Kc3 h5 38. Kd3 Kf6 39. Be5+ Kf7 40. Bh2 Kf6 41. Re5 Ng7 42. gxh5 Ngf5 43. h6 Nxh6 44. Re2 Nf7 45. Bc7 Rh8 46. Bxb6 axb6 47. a7 Nd6 48. a8Q Rxa8 49. Bxa8 Ndf5 50. Ra2 Nxh4 51. f4 Kf7 52. b5 Nhf5 53. Ra6 Nc8 54. Bxd5+ Ke7 55. Bb7 Ncd6 56. Rxb6 Ng7 57. Bf3 1-0

[Event "RB-2013-0-00207"]
[Site "LSS email"]
[Date "2013.02.20"]
[Round "?"]
[White "Le Duigou, Jean Guy"]
[Black "Varend, Erik"]
[Result "1/2-1/2"]
[WhiteElo "1595"]
[BlackElo "1771"]
[PlyCount "68"]
[EventDate "2013.01.30"]
[EventType "tourn (corr)"]
[EventRounds "6"]
[EventCountry "GER"]
[SourceTitle "Telechess CBM 159"]
[Source "ChessBase"]
[SourceDate "2014.03.17"]
[SourceVersion "1"]
[SourceVersionDate "2014.03.17"]
[SourceQuality "1"]

1. e4 c6 2. d4 d5 3. Nc3 dxe4 4. Nxe4 Nd7 5. Bc4 Ngf6 6. Ng5 e6 7. Qe2 Nb6 8. Bb3 h6 9. N5f3 a5 10. c3 c5 11. Bd2 a4 12. Bc2 Qc7 13. Rc1 Nbd7 14. Ne5 Bd6 15. Ngf3 b6 16. Bd3 0-0 17. 0-0 Bb7 18. Rfe1 Nxe5 19. Nxe5 Rfd8 20. Bf4 a3 21. b3 Qe7 22. dxc5 Bxc5 23. c4 Qc7 24. Bg3 Rd4 25. Nf3 Qc6 26. Be5 Rd7 27. Bc2 Nh7 28. Qf1 Rad8 29. Rcd1 Bb4 30. Rxd7 Qxd7 31. Rd1 Qe7 32. Rxd8+ Qxd8 33. Qd1 Qxd1+ 34. Bxd1 Nf6 1/2-1/2

[Event "OP-2013-0-02655"]
[Site "LSS email"]
[Date "2013.02.20"]
[Round "?"]
[White "Varend, Erik"]
[Black "Kramskoi, Vasyl"]
[Result "1-0"]
[WhiteElo "1771"]
[BlackElo "889"]
[PlyCount "47"]
[EventDate "2013.02.17"]
[EventType "tourn (corr)"]
[EventRounds "4"]
[EventCountry "GER"]
[SourceTitle "Telechess CBM 161"]
[Source "ChessBase"]
[SourceDate "2014.07.16"]
[SourceVersion "1"]
[SourceVersionDate "2014.07.16"]
[SourceQuality "1"]

1. c4 b6 2. Nf3 Bb7 3. d4 e6 4. e3 f5 5. Be2 Nf6 6. 0-0 Bd6 7. Nc3 0-0 8. b3 Ne4 9. Qc2 Na6 10. Bb2 Nxc3 11. Qxc3 Bb4 12. Qc2 Be4 13. Qd1 Be7 14. Ne5 d6 15. Nd3 c5 16. Nf4 Qd7 17. d5 e5 18. Ne6 Rf6 19. f3 Bxd5 20. Qxd5 Rxe6 21. Qxa8+ Kf7 22. f4 e4 23. Qh8 Bf6 24. Bh5+ 1-0

[Event "RB-2013-0-00207"]
[Site "LSS email"]
[Date "2013.02.17"]
[Round "?"]
[White "Pott, Brian"]
[Black "Varend, Erik"]
[Result "1/2-1/2"]
[WhiteElo "1787"]
[BlackElo "1771"]
[PlyCount "59"]
[EventDate "2013.01.30"]
[EventType "tourn (corr)"]
[EventRounds "6"]
[EventCountry "GER"]
[SourceTitle "Telechess CBM 159"]
[Source "ChessBase"]
[SourceDate "2014.03.17"]
[SourceVersion "1"]
[SourceVersionDate "2014.03.17"]
[SourceQuality "1"]

1. e4 c6 2. d4 d5 3. e5 Bf5 4. Nf3 e6 5. Be2 Nd7 6. 0-0 h6 7. Nbd2 Ne7 8. a3 Nc8 9. Re1 Be7 10. Nf1 0-0 11. Ne3 Be4 12. Bd3 c5 13. c3 Bxd3 14. Qxd3 a5 15. a4 Na7 16. b3 Rc8 17. Bb2 cxd4 18. cxd4 Nb8 19. Rec1 Nbc6 20. g3 Nb4 21. Qe2 Qb6 22. Kg2 Nac6 23. Rc3 Rc7 24. Qb5 Qa6 25. Rac1 Qa8 26. Ra1 Rfc8 27. Qf1 Qa7 28. Qd1 Qb6 29. Qd2 Bd8 30. Rcc1 1/2-1/2

[Event "OP-2013-0-02649"]
[Site "LSS email"]
[Date "2013.02.17"]
[Round "?"]
[White "Varend, Erik"]
[Black "Huseby, Juan Carlos"]
[Result "1-0"]
[WhiteElo "1872"]
[BlackElo "535"]
[PlyCount "51"]
[EventDate "2013.02.13"]
[EventType "tourn (corr)"]
[EventRounds "4"]
[EventCountry "GER"]
[SourceTitle "Telechess CBM 159"]
[Source "ChessBase"]
[SourceDate "2014.03.17"]
[SourceVersion "1"]
[SourceVersionDate "2014.03.17"]
[SourceQuality "1"]

1. c4 Nf6 2. d4 e6 3. Nf3 Be7 4. Nc3 Nc6 5. e4 Ng4 6. h3 Nxf2 7. Kxf2 Bh4+ 8. Nxh4 Qxh4+ 9. Kg1 0-0 10. Be3 Qxe4 11. Nxe4 f5 12. Nc3 Ne7 13. Nb5 f4 14. Nxc7 Rb8 15. Bd2 Ng6 16. Bb4 Rf6 17. Bd6 Nh4 18. Ne8 Rg6 19. Bxb8 Rxg2+ 20. Bxg2 d5 21. cxd5 exd5 22. Bxd5+ Kh8 23. Bxa7 Bd7 24. Qh5 Bc6 25. Qf7 Bxd5 26. Qxg7# 1-0

[Event "RB-2013-0-00206"]
[Site "LSS email"]
[Date "2013.02.17"]
[Round "?"]
[White "Varend, Erik"]
[Black "Rivas Romero, Jesus"]
[Result "1/2-1/2"]
[WhiteElo "1771"]
[BlackElo "1434"]
[PlyCount "44"]
[EventDate "2013.01.14"]
[EventType "tourn (corr)"]
[EventRounds "6"]
[EventCountry "GER"]
[SourceTitle "Telechess CBM 159"]
[Source "ChessBase"]
[SourceDate "2014.03.17"]
[SourceVersion "1"]
[SourceVersionDate "2014.03.17"]
[SourceQuality "1"]

1. Nf3 Nf6 2. c4 e6 3. d4 Bb4+ 4. Nbd2 b6 5. a3 Bxd2+ 6. Qxd2 Bb7 7. e3 0-0 8. Be2 c5 9. 0-0 d6 10. dxc5 dxc5 11. b4 Nbd7 12. Rd1 Qc7 13. Bb2 Rfd8 14. Qd6 Qxd6 15. Rxd6 Nf8 16. Rad1 Rxd6 17. Rxd6 Ne4 18. Rd3 Rc8 19. Nd2 f6 20. f3 Nxd2 21. Rxd2 Kf7 22. Kf2 Rc7 1/2-1/2

[Event "RB-2013-0-00206"]
[Site "LSS email"]
[Date "2013.02.17"]
[Round "?"]
[White "Willmann, Bernd"]
[Black "Varend, Erik"]
[Result "1/2-1/2"]
[WhiteElo "1908"]
[BlackElo "1771"]
[PlyCount "56"]
[EventDate "2013.01.14"]
[EventType "tourn (corr)"]
[EventRounds "6"]
[EventCountry "GER"]
[SourceTitle "Telechess CBM 159"]
[Source "ChessBase"]
[SourceDate "2014.03.17"]
[SourceVersion "1"]
[SourceVersionDate "2014.03.17"]
[SourceQuality "1"]

1. c4 g6 2. Nc3 c5 3. g3 Bg7 4. Bg2 Nc6 5. Nf3 e6 6. d4 cxd4 7. Nb5 d5 8. cxd5 exd5 9. Nbxd4 Nge7 10. 0-0 0-0 11. Bf4 Qb6 12. e3 Nxd4 13. Nxd4 Nc6 14. Qd2 Nxd4 15. exd4 Be6 16. Be3 Rfc8 17. Rac1 a5 18. Rfd1 Rc6 19. Rc3 Rxc3 20. bxc3 Rc8 21. h4 Bf8 22. Rc1 Ba3 23. Re1 Bf8 24. Rc1 a4 25. Bf4 Ba3 26. Re1 Qb2 27. Bh6 Qxd2 28. Bxd2 Bb2 1/2-1/2

[Event "RA-2012-0-00195"]
[Site "LSS email"]
[Date "2012.03.14"]
[Round "?"]
[White "Khlopov, Sergej"]
[Black "Varend, Erik"]
[Result "1-0"]
[WhiteElo "2146"]
[BlackElo "1851"]
[PlyCount "45"]
[EventDate "2012.02.25"]
[EventType "tourn (corr)"]
[EventRounds "6"]
[EventCountry "GER"]
[SourceTitle "Telechess CBM 157"]
[Source "ChessBase"]
[SourceDate "2013.11.12"]
[SourceVersion "1"]
[SourceVersionDate "2013.11.12"]
[SourceQuality "1"]

1. e4 c6 2. d4 d5 3. e5 Bf5 4. Nf3 e6 5. Be2 c5 6. Be3 Qb6 7. Nc3 c4 8. Rb1 Nc6 9. 0-0 Qa5 10. Nh4 Bg6 11. a3 Be7 12. Nxg6 hxg6 13. b4 cxb3 14. Rxb3 Qc7 15. Nb5 Qd8 16. Bf4 g5 17. Bg3 Nh6 18. c4 dxc4 19. Bxc4 Na5 20. Rc3 Nxc4 21. Rxc4 0-0 22. d5 Qxd5 23. Qxd5 1-0

[Event "RA-2012-0-00195"]
[Site "LSS email"]
[Date "2012.03.14"]
[Round "?"]
[White "Sherwood, Russell"]
[Black "Varend, Erik"]
[Result "1-0"]
[WhiteElo "2124"]
[BlackElo "1851"]
[PlyCount "49"]
[EventDate "2012.02.25"]
[EventType "tourn (corr)"]
[EventRounds "6"]
[EventCountry "GER"]
[SourceTitle "Telechess CBM 157"]
[Source "ChessBase"]
[SourceDate "2013.11.12"]
[SourceVersion "1"]
[SourceVersionDate "2013.11.12"]
[SourceQuality "1"]

1. e4 c6 2. d4 d5 3. Nc3 dxe4 4. Nxe4 Nd7 5. Ng5 Ngf6 6. Bd3 e6 7. N1f3 Bd6 8. Qe2 h6 9. Ne4 Nxe4 10. Qxe4 Qc7 11. 0-0 b6 12. Qg4 Kf8 13. b3 Bb7 14. Bb2 Nf6 15. Qh3 Nd5 16. g3 c5 17. dxc5 Qxc5 18. Rae1 Nf6 19. Ne5 Qc7 20. Ng4 Be7 21. Nxf6 Bxf6 22. Bxf6 gxf6 23. Be4 h5 24. Bxb7 Qxb7 25. c4 1-0

[Event "SB-2012-0-00207"]
[Site "LSS email"]
[Date "2012.01.23"]
[Round "?"]
[White "Grabowski, Benedykt"]
[Black "Varend, Erik"]
[Result "1-0"]
[WhiteElo "1921"]
[BlackElo "1864"]
[PlyCount "47"]
[EventDate "2012.01.09"]
[EventType "tourn (corr)"]
[EventRounds "6"]
[EventCountry "GER"]
[SourceTitle "Telechess CBM 165"]
[Source "ChessBase"]
[SourceDate "2015.03.11"]
[SourceVersion "1"]
[SourceVersionDate "2015.03.11"]
[SourceQuality "1"]

1. d4 Nf6 2. c4 g6 3. Nc3 Bg7 4. e4 d6 5. Nf3 0-0 6. Be2 e5 7. 0-0 Nc6 8. d5 Ne7 9. b4 Ne8 10. c5 f5 11. Ng5 fxe4 12. Ngxe4 Kh8 13. Bg5 a5 14. Qa4 Nf6 15. bxa5 dxc5 16. Rfd1 Nf5 17. Nxc5 Nd4 18. Bd3 Qd6 19. Bxf6 Qxc5 20. Ne4 Qxd5 21. Bxg7+ Kxg7 22. Rac1 Qd8 23. Rc5 Re8 24. Qb4 1-0

[Event "OP-2011-0-01925"]
[Site "LSS email"]
[Date "2011.12.07"]
[Round "?"]
[White "Smith, Douglas Royston"]
[Black "Varend, Erik"]
[Result "0-1"]
[WhiteElo "1655"]
[BlackElo "1924"]
[PlyCount "32"]
[EventDate "2011.12.05"]
[EventType "tourn (corr)"]
[EventRounds "4"]
[EventCountry "GER"]
[SourceTitle "Corr 2015"]
[Source "ChessBase"]
[SourceDate "2015.07.17"]
[SourceVersion "1"]
[SourceVersionDate "2015.07.17"]
[SourceQuality "1"]

1. d4 Nf6 2. Nf3 d5 3. e3 Bf5 4. c4 e6 5. Qb3 Nc6 6. c5 Rb8 7. Bb5 Nd7 8. Bxc6 bxc6 9. Qa4 Qc8 10. Qxc6 Be7 11. Ne5 Bf6 12. f4 Bxe5 13. fxe5 0-0 14. 0-0 Bd3 15. Nc3 Bxf1 16. Kxf1 Rb4 0-1

[Event "OP-2011-0-01925"]
[Site "LSS email"]
[Date "2011.12.07"]
[Round "?"]
[White "Varend, Erik"]
[Black "Hall, Dick"]
[Result "1/2-1/2"]
[WhiteElo "1924"]
[BlackElo "1435"]
[PlyCount "59"]
[EventDate "2011.12.05"]
[EventType "tourn (corr)"]
[EventRounds "4"]
[EventCountry "GER"]
[SourceTitle "Telechess CBM 157"]
[Source "ChessBase"]
[SourceDate "2013.11.12"]
[SourceVersion "1"]
[SourceVersionDate "2013.11.12"]
[SourceQuality "1"]

1. c4 Nf6 2. d4 e6 3. Nf3 d5 4. g3 Be7 5. Bg2 0-0 6. Qc2 c6 7. 0-0 Nbd7 8. b3 b6 9. Bb2 Bb7 10. Nc3 Rc8 11. e4 dxe4 12. Nxe4 c5 13. Nfd2 Qc7 14. Ba3 Nxe4 15. Bxe4 Rfd8 16. Rad1 Nf6 17. Bxb7 Qxb7 18. dxc5 bxc5 19. Rfe1 Rd7 20. Bb2 Rcd8 21. Nb1 Qc6 22. Qe2 h6 23. Bc3 Nh7 24. h4 Rxd1 25. Rxd1 Rxd1+ 26. Qxd1 f5 27. Qe1 Bf6 28. Bxf6 Nxf6 29. Qd1 Ng4 30. Qd8+ 1/2-1/2

[Event "RB-2011-0-00138"]
[Site "LSS email"]
[Date "2011.10.06"]
[Round "?"]
[White "Massie, James"]
[Black "Varend, Erik"]
[Result "0-1"]
[WhiteElo "1915"]
[BlackElo "1926"]
[PlyCount "52"]
[EventDate "2011.09.24"]
[EventType "tourn (corr)"]
[EventRounds "6"]
[EventCountry "GER"]
[SourceTitle "Telechess CBM 157"]
[Source "ChessBase"]
[SourceDate "2013.11.12"]
[SourceVersion "1"]
[SourceVersionDate "2013.11.12"]
[SourceQuality "1"]

1. e3 Nf6 2. Ne2 d5 3. b3 e5 4. Bb2 Nc6 5. d3 d4 6. exd4 exd4 7. Nd2 Bc5 8. Ng3 h5 9. a3 Nd5 10. Nf3 h4 11. Ne4 Bb6 12. Be2 h3 13. g3 f5 14. Neg5 Bd7 15. 0-0 Rh5 16. Qd2 Qf6 17. b4 a6 18. Rac1 Qg6 19. Kh1 0-0-0 20. Rce1 Rf8 21. Rg1 Qf6 22. Rgf1 Nce7 23. Kg1 Ng6 24. Bc1 Rfh8 25. b5 Nc3 26. bxa6 Qc6 0-1

[Event "RC-2011-0-00069"]
[Site "LSS email"]
[Date "2011.05.01"]
[Round "?"]
[White "Jara, Julio Cesar"]
[Black "Varend, Erik"]
[Result "1/2-1/2"]
[WhiteElo "1816"]
[BlackElo "1779"]
[PlyCount "76"]
[EventDate "2011.03.13"]
[EventType "tourn (corr)"]
[EventRounds "6"]
[EventCountry "GER"]
[SourceTitle "Telechess CBM 147"]
[Source "ChessBase"]
[SourceDate "2012.03.16"]
[SourceVersion "1"]
[SourceVersionDate "2012.03.16"]
[SourceQuality "1"]

1. e4 c5 2. Nf3 d6 3. a3 Nf6 4. Nc3 e5 5. Bc4 Be6 6. d3 Be7 7. 0-0 0-0 8. Bg5 Nc6 9. Bxf6 Bxf6 10. Nd5 Rb8 11. a4 Bg5 12. Nxg5 Qxg5 13. c3 Rfd8 14. g3 Bh3 15. Re1 Re8 16. a5 Bd7 17. Ne3 h6 18. Qa4 Qd8 19. Kg2 Rf8 20. Rf1 Qe7 21. Bb5 Qe8 22. a6 bxa6 23. Qxa6 Rb6 24. Qa4 Qe6 25. Kg1 Rfb8 26. Bc4 Qe8 27. Rfb1 R6b7 28. Qc2 Be6 29. Ra6 Rb6 30. Rxb6 axb6 31. Qa4 Bd7 32. Ra1 Na5 33. Qd1 Nxc4 34. dxc4 Ra8 35. h4 Rxa1 36. Qxa1 Qb8 37. Qa6 Be6 38. h5 Kf8 1/2-1/2

[Event "LSS RC-2010-0-00061"]
[Site "LSS email"]
[Date "2011.02.20"]
[Round "?"]
[White "Sherwood, Russell"]
[Black "Varend, Erik"]
[Result "1/2-1/2"]
[WhiteElo "1862"]
[BlackElo "1796"]
[PlyCount "93"]
[EventDate "2010.12.27"]
[EventType "tourn (corr)"]
[EventRounds "6"]
[EventCountry "GER"]
[SourceTitle "Telechess CBM 147"]
[Source "ChessBase"]
[SourceDate "2012.03.16"]
[SourceVersion "1"]
[SourceVersionDate "2012.03.16"]
[SourceQuality "1"]

1. e4 c5 2. Nf3 a6 3. Nc3 d6 4. d4 cxd4 5. Nxd4 Nf6 6. Be3 e5 7. Nb3 Be6 8. f3 Be7 9. Qd2 h5 10. Be2 Nbd7 11. Nd5 Nxd5 12. exd5 Bf5 13. 0-0 0-0 14. Na5 Qc7 15. Rac1 Nf6 16. c4 Rfe8 17. b4 Qd7 18. Bf2 Rac8 19. h3 e4 20. Rce1 Bd8 21. Bd4 Bh7 22. Qf4 e3 23. Bxe3 Bxa5 24. bxa5 Qa4 25. Bd4 Qxa2 26. Rf2 Rxc4 27. Bf1 Rc2 28. Rxc2 Bxc2 29. Rc1 Bg6 30. Qxd6 Qxa5 31. Rc7 Qxd5 32. Qxd5 Nxd5 33. Rxb7 Re1 34. Rd7 Bd3 35. Rxd5 Rxf1+ 36. Kh2 Bg6 37. Ra5 Rd1 38. Be5 Bd3 39. Rd5 Be2 40. Rxd1 Bxd1 41. Bc3 h4 42. Bd2 f6 43. Be1 g5 44. g3 hxg3+ 45. Kxg3 Kf8 46. f4 gxf4+ 47. Kxf4 1/2-1/2